Normal view
MARC view
Entry Personal Name
001 - CONTROL NUMBER
- control field: 72940
003 - CONTROL NUMBER IDENTIFIER
- control field: dpl
005 - DATE AND TIME OF LATEST TRANSACTION
- control field: 20241018105322.0
008 - FIXED-LENGTH DATA ELEMENTS
- fixed length control field: 241018|| aca||aabn | a|a d
040 ## - CATALOGING SOURCE
- Original cataloging agency: dpl
- Transcribing agency: dpl
100 ## - HEADING--PERSONAL NAME
- Personal name: Darlong, Letthuama
670 ## - SOURCE DATA FOUND
- Source citation: Work cat.: (dpl)206477: Darlong, Letthuama , Dictionary of the Darlong Language /, 2021
